000 00740nam a2200229 a 4500
001 000034354
005 20200930073644.0
008 111003s1998 sp 000 0 spa d
020 _a8408028162
040 _aDO-SdBNP
_bspa
_cBNPHU
082 _axxx
_bxxx
100 1 _aRenault, Mary,
_b1905-1983.
_959780
240 1 0 _aThe nature of Alexander /
245 1 0 _aAlejandro Magno /
_cMary Renault ; traducción de Horacio González Trejo.
260 _aBarcelona :
_bEdhasa,
_c1998.
300 _a253 p. ;
_c19 cm.
490 1 _aNovela histórica ;
_v344 ;
500 _aIncluye datos biografícos de la autora.
590 _aInventariado, 2019/ YL
700 1 _aGonzález Trejo, Horacio
_911974
830 0 _aNovela histótica
_v344
_959781
999 _c33845
_d33845